[Event "Amber Rapid"]
[Site "Monte Carlo MNC"]
[Date "2003.03.21"]
[Round "6"]
[White "Ljubojevic,L"]
[Black "Bareev,E"]
[Result "0-1"]
[WhiteElo "2570"]
[BlackElo "2729"]

1.d4 d5 2.c4 c6 3.Nf3 Nf6 4.Nc3 dxc4 5.a4 Bf5 6.e3 e6 7.Bxc4 Bb4 8.O-O Nbd7
9.Qe2 Bg4 10.h3 Bxf3 11.Qxf3 O-O 12.Rd1 Rc8 13.Qe2 Qa5 14.Na2 Be7 15.Bd2 Qc7
16.b4 e5 17.Nc1 Nb6 18.Bb3 e4 19.Qe1 Nbd5 20.Ne2 Bd6 21.Rdc1 Qd7 22.Rab1 a6
23.Ba2 h5 24.Ng3 h4 25.Nf1 Rfe8 26.Qe2 b5 27.Be1 Qe7 28.f4 exf3 29.Qxf3 Nxb4
30.Bxb4 Bxb4 31.Rxc6 Rxc6 32.Qxc6 bxa4 33.e4 a5 34.e5 Qd7 35.Qxd7 Nxd7 36.Rc1 Nf8
37.Kf2 Ne6 38.Ke3 Rd8 39.d5 Nc5 40.Rc2 Nb3 41.Ke4 f5+ 42.exf6 gxf6 43.Ne3 Re8+
44.Kd3 Re5 45.Rc7 Kf8 46.Ng4 Rxd5+ 47.Ke4 Rd2 48.Bb1 Rb2 49.Bc2 Nc5+  0-1

[Event "Amber Rapid"]
[Site "Monte Carlo MNC"]
[Date "2003.03.23"]
[Round "8"]
[White "Van Wely,L"]
[Black "Bareev,E"]
[Result "0-1"]
[WhiteElo "2668"]
[BlackElo "2729"]

1.d4 d5 2.c4 c6 3.Nf3 Nf6 4.e3 a6 5.Bd3 Bg4 6.Qb3 Bxf3 7.gxf3 Qc7 8.Nc3 e6
9.Bd2 Be7 10.Rc1 dxc4 11.Bxc4 Nbd7 12.Be2 O-O 13.O-O Rfd8 14.Rfd1 Rac8 15.Be1 Qb8
16.a3 g6 17.Qa2 c5 18.d5 Nf8 19.a4 Qe5 20.f4 Qf5 21.dxe6 Nxe6 22.Qb3 Rb8
23.Rxd8+ Bxd8 24.Rd1 Qh3 25.Bf1 Qg4+ 26.Bg2 b5 27.Qc2 b4 28.h3 Qh5 29.Nd5 b3
30.Qc1 Nxd5 31.Rxd5 Qh4 32.Rd6 a5 33.Bc3 c4 34.Be5 Rc8 35.Qc3 Be7 36.Rc6 Rd8
37.Qc1 Bf6 38.Rxc4 Bxe5 39.fxe5 Qh5 40.Rc8 Rxc8 41.Qxc8+ Kg7 42.Qc3 Qd1+
43.Bf1 Qc2 44.Kg2 Qxc3 45.bxc3 Nc5 46.Bc4 b2 47.Ba2 Nxa4  0-1

[Event "Amber Rapid"]
[Site "Monte Carlo MNC"]
[Date "2004.03.22"]
[Round "3"]
[White "Bareev,E"]
[Black "Van Wely,L"]
[Result "1-0"]
[WhiteElo "2714"]
[BlackElo "2617"]

1.d4 Nf6 2.Nf3 c5 3.d5 b5 4.Bg5 Ne4 5.Bh4 Bb7 6.Qd3 f5 7.g4 Qa5+ 8.Nbd2 e6
9.gxf5 exd5 10.c3 d6 11.Qe3 Nd7 12.Nxe4 dxe4 13.Ng5 d5 14.Ne6 d4 15.Qg3 dxc3
16.bxc3 Nf6 17.Bg2 Bd6 18.Qh3 Be5 19.O-O Qxc3 20.Qxc3 Bxc3 21.Rac1 b4 22.Rfd1 Rc8
23.Rd6 Rg8 24.Rcd1 Bc6 25.e3 Be5 26.Rd8+ Rxd8 27.Rxd8+ Kf7 28.Ng5+ Ke7 29.Rxg8 Nxg8
30.Nxe4+ Kd7 31.Nxc5+ Kd6 32.Bxc6 Kxc6 33.Nd3 Bc3 34.Kf1 a5 35.Ke2 a4 36.f3 b3
37.axb3 axb3 38.Kd1 Kb5 39.Kc1 Kc4 40.Nb2+ Bxb2+ 41.Kxb2 Kd3 42.e4 Ke3 43.e5 Kxf3
44.Bg5 Kg4 45.f6 gxf6 46.exf6 Nxf6 47.Bxf6  1-0

[Event "Amber Blindfold"]
[Site "Monte Carlo MNC"]
[Date "2004.03.23"]
[Round "4"]
[White "Bareev,E"]
[Black "Topalov,V"]
[Result "1/2-1/2"]
[WhiteElo "2714"]
[BlackElo "2735"]

1.d4 Nf6 2.c4 e6 3.Nc3 Bb4 4.Qc2 d5 5.cxd5 exd5 6.Bg5 h6 7.Bh4 c5 8.dxc5 g5
9.Bg3 Ne4 10.e3 Qa5 11.Ne2 Bf5 12.Be5 O-O 13.Nd4 Re8 14.Bxb8 Bg6 15.Bc7 Qxc7
16.Bd3 Bxc5 17.Bxe4 dxe4 18.O-O-O Rac8 19.Kb1 Red8 20.Nb3 Be7 21.Rxd8+ Rxd8
22.h3 Bf6 23.Ne2 Qb6 24.Rd1 Rd3 25.Nec1 Rxd1 26.Qxd1 h5 27.Ne2 Qb5 28.Ned4 Qc4
29.Qe2 Qxe2 30.Nxe2 h4 31.Kc2 Bf5 32.Nd2 Kg7 33.Nc3 Be5 34.Ncxe4 Kg6 35.f3 b6
36.b3 Bc8 37.Nf2 Bg3 38.Nd3 f5 39.e4 Bh2 40.exf5+ Kxf5 41.Ne4 Bb7 42.Nc3 Bb8
43.Nb5 a6 44.Nd4+ Kf6 45.Nf2 Ke5 46.Kd3 Kf6 47.Ng4+ Kg6 48.a4 Bd5 49.Ne3 Bg8
50.Ke4 Bd6 51.Nef5 Ba3 52.Ne3 Bc5 53.Nd5 a5 54.Ke5 Bxd4+ 55.Kxd4 Be6 56.Ke5 Bf7
57.f4 gxf4 58.Nxf4+ Kg5 59.Ne6+ Kg6 60.Nd4 Kg5 61.Ke4 Bg8 62.Ke5 Bf7 63.Ne6+ Kg6
64.Nf4+ Kg5 65.Nd5 Bg8 66.Kd6 Bf7 67.Ke5  1/2-1/2

[Event "Amber Blindfold"]
[Site "Monte Carlo MNC"]
[Date "2004.03.26"]
[Round "6"]
[White "Shirov,A"]
[Black "Bareev,E"]
[Result "0-1"]
[WhiteElo "2736"]
[BlackElo "2714"]

1.e4 e6 2.d4 d5 3.Nc3 dxe4 4.Nxe4 Nd7 5.Nf3 Ngf6 6.Nxf6+ Nxf6 7.c3 Be7 8.Bd3 O-O
9.Bg5 b6 10.Qe2 Bb7 11.O-O-O Qd5 12.Kb1 c5 13.Bc2 Rfd8 14.h4 h6 15.c4 Qd6
16.Be3 cxd4 17.Rxd4 Qc7 18.Rhd1 e5 19.Rxd8+ Rxd8 20.Rxd8+ Bxd8 21.Bc1 e4
22.Nd2 e3 23.fxe3 Qg3 24.Nf3 Qg4 25.Bd2 Ne4 26.Be1 Bf6 27.Kc1 g6 28.Bd1 Nd6
29.b3 Nf5 30.Qd2 Be7 31.Nd4 Ba3+ 32.Kb1 Qe4+ 33.Nc2 Bc5 34.Bf3 Qe7 35.Bxb7 Qxb7
36.Qd8+ Kh7 37.Bc3 Ng7 38.Qf6 Bf8 39.g4 Kg8 40.h5 gxh5 41.gxh5 Qh1+ 42.Kb2 Qxh5
43.a4 Qg6 44.Qd8 Ne6 45.Qb8 Nc5 46.Bd4 a5 47.Ne1 h5 48.Bxc5 bxc5 49.Kc1 Qf6
50.Kd1 Kg7 51.Qg3+ Kh7 52.Nf3 Qf5 53.e4 Qg6 54.Qxg6+ fxg6 55.Ke2 Kg7 56.Kf2 Kf6
57.Ne1 Ke5 58.Kf3 g5 59.Ke3 Ke6 60.Nd3 Be7 61.Kf3 Bd6 62.e5 Bxe5 63.Nxc5+ Kf5
64.Nd3 g4+ 65.Kg2 h4  0-1

[Event "ACP Blitz Prelim2"]
[Site "playchess.com INT"]
[Date "2004.04.13"]
[Round "1"]
[White "Bareev,E"]
[Black "Macieja,B"]
[Result "1/2-1/2"]
[WhiteElo "2711"]
[BlackElo "2633"]

1.c4 c5 2.Nc3 g6 3.g3 Bg7 4.Bg2 Nc6 5.e3 e6 6.Nge2 Nge7 7.O-O O-O 8.d4 cxd4
9.Nxd4 d5 10.cxd5 Nxd4 11.exd4 Nxd5 12.Qb3 Qb6 13.Nxd5 exd5 14.Bxd5 Qxb3
15.axb3 Bxd4 16.Rd1 Bf6 17.Be3 Bxb2 18.Rxa7 Rxa7 19.Bxa7 Kg7 20.Bf3 Bf6 21.b4 Rd8
22.Rc1 Bh3 23.Be3 Rd7 24.b5 h5 25.b6 Bd8 26.Ra1 Rd6 27.Rb1 Rd7 28.Be4 Re7
29.Bg2 Bxg2 30.Bd4+ f6 31.Kxg2 Re6 32.Be3 Kf7 33.h4 Ke7 34.Kf3 Kd7 35.Rd1+ Ke8
36.Rb1 Kd7 37.Rb3 Ke8 38.Ke2 Kd7 39.Kd3 Kc6 40.f3 f5 41.Rc3+ Kd7 42.Rb3 Kc6
43.Rc3+ Kd7 44.Rb3 Kc6  1/2-1/2

[Event "ACP Blitz Prelim2"]
[Site "playchess.com INT"]
[Date "2004.04.13"]
[Round "5"]
[White "Bareev,E"]
[Black "Gustafsson,J"]
[Result "1-0"]
[WhiteElo "2711"]
[BlackElo "2579"]

1.c4 Nf6 2.Nc3 e5 3.e3 Nc6 4.a3 a5 5.Qc2 g6 6.g3 d5 7.cxd5 Nxd5 8.Bg2 Nde7
9.Nge2 Bg7 10.O-O O-O 11.d3 h6 12.b3 b6 13.Bb2 Ba6 14.Rfd1 Qd7 15.Rd2 Rad8
16.Rad1 Kh7 17.h3 f5 18.Kh2 Rf6 19.d4 exd4 20.Nxd4 Rd6 21.Nxc6 Nxc6 22.Rxd6 cxd6
23.Nd5 Bb7 24.Nxb6 Qc7 25.Nd5 Qf7 26.Bxg7 Qe7  1-0

[Event "ACP Blitz Prelim2"]
[Site "playchess.com INT"]
[Date "2004.04.13"]
[Round "6"]
[White "Vescovi,G"]
[Black "Bareev,E"]
[Result "0-1"]
[WhiteElo "2648"]
[BlackElo "2711"]

1.e4 e6 2.d4 d5 3.Nc3 dxe4 4.Nxe4 Nd7 5.Nf3 Ngf6 6.Nxf6+ Nxf6 7.Bg5 h6 8.Bh4 c5
9.Bb5+ Bd7 10.Bxd7+ Qxd7 11.Bxf6 gxf6 12.c3 cxd4 13.Nxd4 Bc5 14.O-O Bxd4
15.cxd4 O-O-O 16.Qf3 f5 17.Rfd1 Kb8 18.Rd3 Qd5 19.Qf4+ Qd6 20.Qh4 Qd5 21.Rc1 Rc8
22.Rdc3 Rxc3 23.bxc3 Qxa2 24.Qf6 Rc8 25.Qxh6 Qb2 26.Qf4+ Ka8 27.h4 a5 28.h5 a4
29.d5 a3 30.Qa4+ Kb8 31.Rc2 Qb1+ 32.Kh2 Rh8 33.d6 Qd1  0-1

[Event "ACP Blitz Prelim2"]
[Site "playchess.com INT"]
[Date "2004.04.13"]
[Round "12"]
[White "Bareev,E"]
[Black "Grabuzova,T"]
[Result "1-0"]
[WhiteElo "2711"]
[BlackElo "2348"]

1.c4 b6 2.Nc3 Bb7 3.e4 e6 4.a3 g6 5.d4 Bg7 6.Nf3 Ne7 7.h4 f5 8.e5 h6 9.Be2 a6
10.d5 d6 11.Bf4 dxe5 12.Bxe5 Bxe5 13.Nxe5 O-O 14.dxe6 Qe8 15.Qd2 Kh7 16.O-O-O Rf6
17.Nf7 Rxe6 18.Qxh6+ Kg8 19.Ng5 Rf6 20.Qh7+ Kf8 21.Qh8+ Ng8 22.Nh7+  1-0

[Event "ACP Blitz Prelim2"]
[Site "playchess.com INT"]
[Date "2004.04.13"]
[Round "15"]
[White "Zhukova,N"]
[Black "Bareev,E"]
[Result "0-1"]
[WhiteElo "2471"]
[BlackElo "2711"]

1.d4 Nf6 2.c4 c6 3.Nf3 d5 4.e3 a6 5.Nc3 e6 6.c5 Nbd7 7.b4 Qc7 8.Bb2 g6 9.Bd3 Bg7
10.e4 dxe4 11.Nxe4 Nxe4 12.Bxe4 Nf6 13.Qe2 O-O 14.O-O a5 15.a3 Nd5 16.b5 cxb5
17.Bxd5 exd5 18.Qxb5 Qc6 19.Qb3 a4 20.Qb4 b6 21.Rac1 bxc5 22.Rxc5 Qa6 23.Ne5 Be6
24.Nc6 Bf6 25.Bc1 Rfc8 26.Qc3 Qb6 27.Be3 Qb3 28.Rc1 Qxc3 29.R1xc3 Kg7 30.g3 Rc7
31.Nb4 Rxc5 32.Rxc5 Be7 33.Rb5 Rc8 34.Ra5 Rc3 35.Rxa4 Bh3 36.Nxd5 Rb3 37.f3 Bxa3
38.Kf2 Rb2+ 39.Ke1 Rb1+ 40.Kd2 Bd6 41.Nf4 Bf5 42.Ra2 h5 43.Nd3 Rh1 44.Bf4 Rxh2+  0-1

[Event "ACP Blitz Prelim2"]
[Site "playchess.com INT"]
[Date "2004.04.13"]
[Round "16"]
[White "Bareev,E"]
[Black "Glek,I"]
[Result "1-0"]
[WhiteElo "2711"]
[BlackElo "2571"]

1.c4 e5 2.g3 Nf6 3.Bg2 h6 4.d3 Bb4+ 5.Nd2 O-O 6.Nf3 Re8 7.O-O c6 8.a3 Bxd2
9.Bxd2 d5 10.Qc2 e4 11.Nd4 dxc4 12.Qxc4 Nbd7 13.dxe4 Nxe4 14.Be3 Ne5 15.Qc2 Nd6
16.Rad1 Qf6 17.Bc1 Nf5 18.Nb3 a5 19.e4 Ne7 20.f4 N5g6 21.Nc5 b6 22.e5 Qf5
23.Ne4 Be6 24.Qf2 Nc8 25.h3 Nge7 26.g4 Qh7 27.f5 Bd5 28.Rde1 Bxe4 29.Bxe4 Nd5
30.f6 g6 31.Qd4 Na7 32.e6 Rxe6 33.Bxd5 cxd5 34.Rxe6 fxe6 35.f7+ Kf8 36.Qxb6  1-0

[Event "Russian Blitz Internet Cup Superfinal"]
[Site "chessassistantclub.com INT"]
[Date "2004.12.28"]
[Round "1"]
[White "Bareev,E"]
[Black "Vlassov,N"]
[Result "0-1"]
[WhiteElo "2715"]
[BlackElo "2492"]

1.c4 Nf6 2.Nf3 e6 3.Nc3 Bb4 4.Qc2 Nc6 5.d4 d6 6.Bg5 h6 7.Bd2 O-O 8.a3 Bxc3
9.Bxc3 a5 10.Rd1 Qe7 11.g3 e5 12.d5 Nb8 13.Bg2 a4 14.O-O Nbd7 15.Nd2 Nc5
16.e3 Bg4 17.Rde1 Qd7 18.f4 Rfe8 19.fxe5 dxe5 20.Bb4 Na6 21.Rxf6 Nxb4 22.axb4 gxf6
23.Rf1 Qe7 24.Qc3 Bd7 25.Ne4 f5 26.Nc5 Bc8 27.Bh3 b6 28.Nd3 Qg5 29.Ne1 f6
30.Nf3 Qh5 31.Nh4 f4 32.Bxc8 Raxc8 33.exf4 Rcd8 34.fxe5 fxe5 35.Nf5 Rd7 36.Qe3 Kh7
37.Nh4 e4 38.Rf5 Qd1+ 39.Kg2 Rg7 40.Rf6 Qh5 41.Nf5 Qf3+ 42.Qxf3 exf3+ 43.Kxf3 Rd7
44.Rxh6+ Kg8 45.Rc6 Re1 46.Nd4 Rb1 47.Nb5 Rxb2 48.Nxc7 a3 49.Ne6 Rxb4 50.Rc8+ Kf7
51.Rf8+ Ke7 52.Ra8 Rxc4 53.Rxa3 Rxd5 54.Nf4 Rdc5 55.Re3+ Kf7 56.Kg4 b5 57.Ra3 b4
58.Ra7+ Rc7 59.Ra6 Rb7 60.Ra1 b3 61.Rb1 b2  0-1

[Event "Russian Blitz Internet Cup Superfinal"]
[Site "chessassistantclub.com INT"]
[Date "2004.12.28"]
[Round "7"]
[White "Kosyrev,V"]
[Black "Bareev,E"]
[Result "1-0"]
[WhiteElo "2539"]
[BlackElo "2715"]

1.d4 d5 2.c4 c6 3.Nf3 Nf6 4.e3 Bg4 5.h3 Bxf3 6.Qxf3 e6 7.Nc3 Nbd7 8.Be2 Bb4
9.O-O O-O 10.a3 Bxc3 11.bxc3 Ne4 12.cxd5 cxd5 13.c4 Ndf6 14.cxd5 Qxd5 15.Bd3 Rfc8
16.Bb2 b5 17.Rfc1 h6 18.Qd1 Nd6 19.a4 b4 20.a5 Rab8 21.Qa4 Nc4 22.Bxc4 Rxc4
23.Rxc4 Qxc4 24.Rc1 Qe2 25.Qc2 Qxc2 26.Rxc2 Rb5 27.Rc5 Rxc5 28.dxc5 Kf8 29.c6 Ke7
30.Be5 b3 31.Kf1 Nd5 32.Ke2 f6 33.Bd4 Kd6 34.Kd3 a6 35.Kc4 Kxc6 36.g3 Ne7
37.Bb2 h5 38.g4 hxg4 39.hxg4 Nc8 40.g5 fxg5 41.Bxg7 Nd6+ 42.Kxb3 Ne4 43.Kc4 Nxf2
44.Be5 Ng4 45.Bd4 Nh6 46.e4 Nf7 47.Kd3 Kb5 48.Bb6 Ne5+ 49.Ke2 Nc4 50.Bc7 Nxa5
51.Kf3 Nc6 52.Kg4 a5 53.Kxg5 a4 54.Bd6 Kc4 55.Kf6 e5 56.Kf5 Kd4 57.Ba3 Kc4
58.Bd6 Kd3 59.Ba3 Na5 60.Bf8 Nc4 61.Bc5 Kc3 62.Ke6 Kd2 63.Kd5 Kd3 64.Bb4 Ke3
65.Kxc4 Kxe4 66.Bc3 Kf4 67.Bxe5+  1-0

[Event "Russian Blitz Internet Cup Superfinal"]
[Site "chessassistantclub.com INT"]
[Date "2004.12.28"]
[Round "8"]
[White "Bareev,E"]
[Black "Van Wely,L"]
[Result "1-0"]
[WhiteElo "2715"]
[BlackElo "2681"]

1.g3 Nf6 2.Bg2 d5 3.Nf3 Bf5 4.c4 c6 5.b3 e6 6.Bb2 Nbd7 7.O-O h6 8.Nc3 Bd6
9.d3 Qe7 10.Qc2 O-O 11.Rfe1 Bh7 12.e4 dxe4 13.dxe4 Rfd8 14.Rad1 Ba3 15.Ba1 Nc5
16.Ne5 Bb4 17.f3 a5 18.Kh1 Rxd1 19.Rxd1 Rd8 20.Ne2 Nfd7 21.Nd3 e5 22.Nxb4 axb4
23.Qd2 Na6 24.Nc1 Kf8 25.Bh3 Ke8 26.Bxd7+ Rxd7 27.Qxd7+ Qxd7 28.Rxd7 Kxd7
29.Bxe5 f6 30.Bd4 c5 31.Bb2 Ke6 32.Kg1 g5 33.g4 Bg6 34.Nd3 h5 35.h3 hxg4
36.hxg4 b6 37.Kf2 Nb8 38.Ke3 Nc6 39.f4 Be8 40.f5+ Kf7 41.e5 fxe5 42.Bxe5 Nxe5
43.Nxe5+ Kf6 44.Nf3 Bc6 45.Ng1 Ke5 46.Nh3 Kf6 47.Nf2 Ke5 48.Nd3+ Kf6 49.Ne1 Bb7
50.Nc2 Bc6 51.a3 bxa3 52.Nxa3 Ke5 53.Nb5 Bg2 54.Nc3 Bh3 55.Kf3 Bf1 56.Ne4 Bd3
57.Nxg5 Bc2 58.Ke3 Bxb3 59.Nf3+ Kf6 60.Nd2 Bc2 61.Kf4 Ke7 62.Ke5 Kf7 63.g5 Kg7
64.Ke6 Bd3 65.f6+ Kf8 66.Ke5 Kf7 67.Ne4 Kg6 68.Nd6 Be2 69.Ke6 Bh5 70.f7 Kg7
71.Ke7 Bxf7 72.Nxf7 b5 73.cxb5 c4 74.Ne5  1-0

[Event "Russian Blitz Internet Cup Superfinal"]
[Site "chessassistantclub.com INT"]
[Date "2004.12.28"]
[Round "14"]
[White "Bareev,E"]
[Black "Dobrov,V"]
[Result "0-1"]
[WhiteElo "2715"]
[BlackElo "2487"]

1.g3 d5 2.Bg2 c6 3.Nf3 Nf6 4.O-O Bg4 5.c4 dxc4 6.Ne5 Be6 7.Qc2 Qd4 8.Nf3 Qd7
9.Ng5 Bf5 10.Qxc4 e6 11.e4 Bg6 12.Nc3 Na6 13.d4 b5 14.Qe2 Qxd4 15.Nxb5 Qb6
16.Nc3 Be7 17.Be3 Qb7 18.Nh3 e5 19.Rac1 O-O 20.f3 Bc5 21.Nf2 Rfd8 22.Na4 Bxe3
23.Qxe3 Nd7 24.Nd3 f6 25.Bh3 Bf7 26.b3 Nb6 27.Ndc5 Nxc5 28.Nxc5 Qe7 29.Rc2 Rd4
30.Rfc1 Rad8 31.Bf1 Rd1 32.h4 R1d4 33.Be2 h6 34.Kf2 Bg6 35.a3 f5 36.exf5 Bxf5
37.Ba6 Bxc2 38.Rxc2 Nd5 39.Qe2 Rxh4 40.gxh4 Qxh4+ 41.Kg1 Nf4 42.Qc4+ Kh8
43.Nd3 Qg3+  0-1

[Event "XIII TCh-RUS"]
[Site "Sochi RUS"]
[Date "2006.04.22"]
[Round "3"]
[White "Iskusnyh,S"]
[Black "Bareev,E"]
[Result "1/2-1/2"]
[WhiteElo "2510"]
[BlackElo "2701"]

1.d4 d5 2.c4 c6 3.Nc3 Nf6 4.e3 a6 5.Qc2 e6 6.Nf3 c5 7.cxd5 exd5 8.Be2 Nc6
9.Ne5 Qc7 10.Nxc6 Qxc6 11.O-O cxd4 12.exd4 Bb4 13.Bd3 O-O 14.Bg5 Bxc3 15.Qxc3 Qxc3
16.bxc3 Ne4 17.Bxe4 dxe4 18.c4 b5 19.Rfc1 bxc4 20.Rxc4 Be6 21.Rc5 f6 22.Be3 Rfd8
23.a3 Rac8 24.h4 Rxc5 25.dxc5 Bb3 26.c6 Rd1+ 27.Rxd1 Bxd1 28.Kh2 Kf7 29.Kg3 Ke6
30.c7  1/2-1/2

[Event "XIII TCh-RUS"]
[Site "Sochi RUS"]
[Date "2006.04.25"]
[Round "6"]
[White "Filippov,Va"]
[Black "Bareev,E"]
[Result "0-1"]
[WhiteElo "2561"]
[BlackElo "2701"]

1.Nf3 d5 2.d4 Nf6 3.c4 c6 4.Nc3 a6 5.c5 Nbd7 6.Bf4 Nh5 7.e3 b6 8.b4 Nxf4
9.exf4 Qc7 10.g3 g6 11.Be2 Bg7 12.Rc1 b5 13.a4 O-O 14.O-O Rb8 15.h4 Nf6 16.Ne5 Ne4
17.Nxe4 dxe4 18.axb5 axb5 19.Ra1 Rd8 20.h5 Be6 21.hxg6 hxg6 22.Qd2 Bxe5 23.fxe5 Qxe5
24.Rfd1 Qf6 25.Qe3 Bd5 26.Ra6 Kg7 27.Bf1 Rh8 28.Bg2 Qe6 29.Re1 Rh5 30.Rea1 Rbh8
31.Ra8 R8h7 32.Qf4 e3  0-1

[Event "Canadian Open"]
[Site "Kitchener CAN"]
[Date "2006.07.16"]
[Round "2"]
[White "Shetty,R"]
[Black "Bareev,E"]
[Result "1-0"]
[WhiteElo "2269"]
[BlackElo "2683"]

1.e4 c6 2.d4 d5 3.Nc3 dxe4 4.Nxe4 Bf5 5.Ng3 Bg6 6.h4 h6 7.Nf3 Nd7 8.h5 Bh7
9.Bd3 Bxd3 10.Qxd3 e6 11.Bf4 Qa5+ 12.Bd2 Bb4 13.Ne4 Ngf6 14.Nd6+ Ke7 15.Nxb7 Bxd2+
16.Nxd2 Qb4 17.Qb3 Qxd4 18.O-O-O Qb6 19.Qa3+ c5 20.Na5 Qc7 21.Ndc4 Nb6 22.Ne5 Rhc8
23.Nac6+ Kf8 24.Qxc5+ Kg8 25.Qd6 Nfd5 26.Qxc7 Rxc7 27.Nd4 Rac8 28.Rd2 Rc5
29.Re1 Nf6 30.Nb3 Rb5 31.g4 Rxe5 32.Rxe5  1-0

[Event "Canadian Open"]
[Site "Kitchener CAN"]
[Date "2006.07.17"]
[Round "3"]
[White "Bareev,E"]
[Black "Jiang,L"]
[Result "1-0"]
[WhiteElo "2683"]
[BlackElo "1965"]

1.d4 d5 2.c4 e6 3.Nf3 Nf6 4.g3 Nbd7 5.Bg2 c6 6.O-O dxc4 7.a4 c5 8.Na3 cxd4
9.Nxc4 Bc5 10.Nxd4 Nb6 11.Nxb6 Qxb6 12.a5 Qd8 13.Be3 Nd7 14.b4 Be7 15.a6 Rb8
16.axb7 Bxb7 17.Nc6 Bxc6 18.Bxc6 Rc8 19.b5 a5 20.Bb6  1-0

[Event "Canadian Open"]
[Site "Kitchener CAN"]
[Date "2006.07.18"]
[Round "4"]
[White "Davies,L"]
[Black "Bareev,E"]
[Result "0-1"]
[WhiteElo "2178"]
[BlackElo "2683"]

1.e4 e6 2.d4 d5 3.Nd2 c5 4.exd5 Qxd5 5.Ngf3 cxd4 6.Bc4 Qd6 7.O-O Nf6 8.Nb3 Nc6
9.Nbxd4 Nxd4 10.Nxd4 a6 11.Be2 Qc7 12.Bf3 Bd6 13.g3 e5 14.Nb3 h6 15.Bd2 O-O
16.Ba5 Qe7 17.c4 e4 18.Re1 Bf5 19.Bg2 Rac8 20.Rc1 Rfe8 21.a3 h5 22.Nd4 Bg4
23.f3 Bd7 24.fxe4 Ng4 25.b4 h4 26.Qd3 hxg3 27.hxg3 Qf6 28.Nf5 Bxf5 29.exf5 Qh6
30.Bb6 Bxb4 31.axb4 Qxb6+ 32.c5 Rxe1+ 33.Rxe1 Qxb4 34.Rc1 Qb2 35.Rc2 Qa1+
36.Bf1 Qe5 37.Qf3 Qd4+ 38.Kh1 Rc6  0-1

[Event "Canadian Open"]
[Site "Kitchener CAN"]
[Date "2006.07.23"]
[Round "9"]
[White "Huzman,A"]
[Black "Bareev,E"]
[Result "0-1"]
[WhiteElo "2585"]
[BlackElo "2683"]

1.d4 d5 2.c4 c6 3.Nf3 Nf6 4.Nc3 a6 5.c5 Nbd7 6.Bf4 Nh5 7.Bd2 Nhf6 8.Bf4 Nh5
9.Bd2 Nhf6 10.Rc1 g6 11.h3 Qc7 12.g3 Bg7 13.Bf4 Qd8 14.Bg2 Nh5 15.Bd2 e5
16.Nxe5 Nxe5 17.dxe5 Bxe5 18.e4 d4 19.Na4 Nxg3 20.fxg3 Bxg3+ 21.Kf1 Be6 22.Nb6 Rb8
23.Qf3 Qh4 24.Be1 Bxe1 25.Rxe1 Rd8 26.e5 O-O 27.Qf2 Qe7 28.b4 f6 29.Kg1 a5
30.bxa5 fxe5 31.Qg3 d3 32.Qxe5 d2 33.Rd1 Rf5 34.Qe3 Qxc5 35.Qxc5 Rxc5 36.Rh2 Rc1
37.Bf3 Rd3 38.Be2 Bxa2 39.Kf2 Rd8 40.Rhh1 Rc5 41.Ra1 Rxa5 42.Bc4+ Bxc4 43.Rxa5 Bb3
44.Ra7 d1=Q 45.Rxd1 Rxd1 46.Rxb7 Be6 47.h4 Rb1 48.h5 gxh5 49.Re7 Rxb6 50.Rxe6 Rb2+
51.Kg3 Rc2 52.Kh4 Rc5 53.Re7 Rf5  0-1

[Event "22nd ECU Club Cup"]
[Site "Feugen AUT"]
[Date "2006.10.14"]
[Round "7"]
[White "Bareev,E"]
[Black "Tkachiev,V"]
[Result "1/2-1/2"]
[WhiteElo "2683"]
[BlackElo "2645"]

1.d4 d5 2.c4 c6 3.Nf3 Nf6 4.Nc3 e6 5.Bg5 h6 6.Bxf6 Qxf6 7.e3 Nd7 8.Qc2 g6
9.O-O-O Bg7 10.h4 a6 11.Kb1 Qe7 12.cxd5 cxd5 13.Bd3 b5 14.Ne2 Bb7 15.Rc1 O-O
16.Qc7 Rab8 17.Qa5 Rfc8 18.Rxc8+ Rxc8 19.Rc1 Qe8 20.a4 bxa4 21.Qxa4 Bf8 22.Rxc8 Qxc8  1/2-1/2

[Event "3rd Rapid Open"]
[Site "Ajaccio FRA"]
[Date "2006.10.30"]
[Round "2"]
[White "Jourde,M"]
[Black "Bareev,E"]
[Result "0-1"]
[WhiteElo "1833"]
[BlackElo "2683"]

1.e4 c6 2.d4 d5 3.Nc3 dxe4 4.Nxe4 Nf6 5.Ng3 g6 6.Nf3 Bg7 7.c3 O-O 8.Be2 Nbd7
9.O-O c5 10.Qc2 cxd4 11.Nxd4 a6 12.Re1 Qc7 13.Bg5 Nb6 14.Rac1 h6 15.Be3 Nc4
16.Bxc4 Qxc4 17.Qd2 Ng4 18.Bf4 e5 19.Bxh6 Bxh6 20.Qe2 Qxe2 21.Ndxe2 Bxc1
22.Nxc1 Rd8 23.Nb3 Be6 24.Ne4 Bxb3 25.axb3 f5 26.Nc5 Rd2 27.f3 Nf2 28.Rxe5 b6
29.Ne6 Nd3 30.c4  0-1

[Event "3rd Rapid Open"]
[Site "Ajaccio FRA"]
[Date "2006.10.30"]
[Round "3"]
[White "Bareev,E"]
[Black "Paehtz,E"]
[Result "1-0"]
[WhiteElo "2683"]
[BlackElo "2449"]

1.d4 e6 2.c4 Bb4+ 3.Nc3 b6 4.Qb3 c5 5.a3 Ba5 6.Nf3 Nf6 7.Bg5 h6 8.Bh4 Nc6
9.e3 g5 10.Bg3 Ne4 11.Bd3 Nxc3 12.bxc3 d6 13.h4 g4 14.Nd2 e5 15.Be4 Bd7 16.Qc2 Qc7
17.dxe5 dxe5 18.Nb3 O-O-O 19.Rd1 Rhe8 20.O-O f6 21.Rd5 Ne7 22.Nxa5 Nxd5 23.Bxd5 bxa5
24.Qg6 Qd6 25.Qxh6 Bc6 26.e4 Bxd5 27.cxd5 c4 28.a4 Re7 29.Qg6 Rb7 30.Qxg4+ Kb8
31.h5 Qd7 32.Qxd7 Rdxd7 33.f4 exf4 34.Rxf4 Rb1+ 35.Kh2 Kb7 36.Rxf6 Ra1 37.d6 Rxa4
38.e5 Kc6 39.e6 Rh7 40.h6 Ra1 41.e7 Rh8 42.Bf4 Re1 43.Rf8 Rh7 44.e8=Q+ Rxe8
45.Rxe8 a4 46.Re7 Rh8 47.Bc1 Kd5  1-0

[Event "3rd Rapid Open"]
[Site "Ajaccio FRA"]
[Date "2006.10.30"]
[Round "4"]
[White "Chernin,A"]
[Black "Bareev,E"]
[Result "1/2-1/2"]
[WhiteElo "2587"]
[BlackElo "2683"]

1.d4 d5 2.c4 c6 3.cxd5 cxd5 4.Nc3 Nf6 5.Nf3 Nc6 6.Bf4 a6 7.Rc1 Ne4 8.Ne5 Nxc3
9.Rxc3 Bd7 10.e3 e6 11.a3 Nxe5 12.Bxe5 Rc8 13.Qd2 f6 14.Bg3 Be7 15.Bd3 O-O
16.Rxc8 Qxc8 17.O-O Bc6 18.Rc1 Qd7 19.Rc3 Rc8 20.Qc2 h6 21.Qc1 Qe8 22.Bb1 Bd7
23.f3 Rxc3 24.Qxc3 Qc8 25.Qxc8+ Bxc8 26.Be1 Bd7 27.Bd3 Kf7 28.Kf2 Bc6 29.Bb4 Bd8
30.h3 Bc7 31.f4 e5 32.fxe5 fxe5 33.dxe5 Bxe5 34.Bc3 Kf6 35.Bd4 Bd7 36.h4 g5
37.hxg5+ hxg5 38.Be2 Bxd4 39.exd4 a5 40.Ke3 b6 41.Bf3 Bc6 42.Bg4 Bb5 43.Kf2 Bd3
44.Kg3 Be4 45.Bc8 Kg6 46.Bg4 Kf6 47.Bc8 Kg6 48.Bg4 Kf6  1/2-1/2

[Event "3rd Rapid Open"]
[Site "Ajaccio FRA"]
[Date "2006.10.30"]
[Round "6"]
[White "Fridman,D2"]
[Black "Bareev,E"]
[Result "0-1"]
[WhiteElo "2604"]
[BlackElo "2683"]

1.d4 d5 2.Nf3 Nf6 3.c4 c6 4.e3 Bf5 5.Nc3 e6 6.Nh4 Be4 7.f3 Bg6 8.Qb3 Qc7
9.cxd5 cxd5 10.Bd2 Nc6 11.Rc1 Be7 12.Nxg6 hxg6 13.g3 O-O 14.Bg2 Na5 15.Qc2 Rac8
16.O-O Nc4 17.Nd1 Qd7 18.Bc3 b5 19.Qe2 Nb6 20.b3 Ba3 21.Rc2 Rc7 22.Bb2 Rxc2
23.Qxc2 Rc8 24.Qd2 Be7 25.Nf2 Qb7 26.Nd3 Qa6 27.Bc3 Nbd7 28.Ra1 Ba3 29.Bb2 Bxb2
30.Qxb2 Rc7 31.Bf1 Qd6 32.Rc1 Ne8 33.Rc2 b4 34.Qc1 a5 35.Kf2 Rxc2+ 36.Qxc2 Nc7
37.Nb2 e5 38.dxe5 Nxe5 39.Be2 d4 40.e4 g5 41.Nd3 Nxd3+ 42.Bxd3 g6 43.Qc1 Ne6
44.Bc4 Qc5 45.Ke2 Kg7 46.Kd3 Nd8 47.Kd2 Nc6 48.f4 gxf4 49.gxf4 Qh5 50.Bd5 Qxh2+
51.Kd3 Qg3+ 52.Ke2 d3+ 53.Kf1 Nd4 54.e5 Nc2 55.Be4 Ne3+  0-1

[Event "TCh-RUS"]
[Site "Sochi RUS"]
[Date "2007.05.06"]
[Round "5"]
[White "Bareev,E"]
[Black "Tiviakov,S"]
[Result "1/2-1/2"]
[WhiteElo "2643"]
[BlackElo "2663"]

1.d4 Nf6 2.c4 e6 3.Nc3 Bb4 4.e3 c5 5.Ne2 cxd4 6.exd4 O-O 7.a3 Be7 8.d5 exd5
9.cxd5 Bc5 10.Na4 b6 11.b4 Bd6 12.Nec3 Re8+ 13.Be2 Ba6 14.O-O Qc7 15.g3 Bxe2
16.Nxe2 Qc4 17.Bf4 Bxf4 18.Nxf4 d6 19.Rc1 Qa6 20.Nc3 Nbd7 21.a4 Rec8 22.Qb3 Qc4
23.Qa3 a5 24.bxa5 Qc5 25.Nb5 Qxa3 26.Nxa3 bxa5 27.Rc6 Nc5 28.Nc4 Rd8 29.Nxd6 Nxa4
30.Rfc1 Rab8 31.Nf5 Nb6 32.d6 Kf8 33.Rb1 Nbd7 34.Ra1 Rb6 35.Nd4 Rxc6 36.Nxc6 Rc8
37.Nxa5 Ra8  1/2-1/2

[Event "TCh-RUS"]
[Site "Sochi RUS"]
[Date "2007.05.10"]
[Round "9"]
[White "Bareev,E"]
[Black "Timofeev,Arty"]
[Result "0-1"]
[WhiteElo "2643"]
[BlackElo "2658"]

1.d4 Nf6 2.c4 g6 3.g3 Bg7 4.Bg2 d5 5.cxd5 Nxd5 6.Nf3 Nb6 7.O-O Nc6 8.e3 O-O
9.Nc3 Re8 10.d5 Na5 11.Nd4 Bd7 12.e4 Rc8 13.Re1 c5 14.Nb3 Nbc4 15.f4 Qb6
16.e5 Nxb2 17.Bxb2 c4+ 18.Kh1 cxb3 19.axb3 Nxb3 20.Rb1 Nc5 21.Ba1 Qa6 22.Bf1 Qa5
23.Qd4 a6 24.Bb2 Bf5 25.Ra1 Nb3 26.Rxa5 Nxd4 27.Bg2 Red8 28.Ra4 Nb3 29.Re3 Nd2
30.Ba1 Nb3 31.Bb2 Nd2 32.Ba1 h5 33.h3 Nb3 34.Bb2 Nd2 35.Re2 Nc4 36.Ba1 Bd3
37.Re1 b5 38.Rxa6 b4 39.Nd1 Ne3 40.Ra5  0-1

[Event "60th ch-RUS Higher League"]
[Site "Krasnoyarsk RUS"]
[Date "2007.09.03"]
[Round "1"]
[White "Zakhartsov,V"]
[Black "Bareev,E"]
[Result "1/2-1/2"]
[WhiteElo "2559"]
[BlackElo "2653"]

1.d4 d5 2.c4 c6 3.Nf3 Nf6 4.e3 Bf5 5.Nc3 e6 6.Nh4 Bg6 7.Nxg6 hxg6 8.Bd2 Nbd7
9.Rc1 Be7 10.Bd3 dxc4 11.Bxc4 Rc8 12.O-O c5 13.dxc5 Rxc5 14.Be2 Qb8 15.g3 O-O
16.Qa4 Nb6 17.Qb3 Rfc8 18.Na4 Ne4 19.Rxc5 Nxd2 20.Rxc8+  1/2-1/2

[Event "ch-Euro Blitz"]
[Site "Ajaccio FRA"]
[Date "2007.10.25"]
[Round "5"]
[White "Laborde,S"]
[Black "Bareev,E"]
[Result "0-1"]
[WhiteElo "2081"]
[BlackElo "2653"]

1.e4 c6 2.d4 d5 3.Nc3 dxe4 4.Nxe4 Bf5 5.Ng3 Bg6 6.Nf3 Nd7 7.h4 h6 8.h5 Bh7
9.Bd3 Bxd3 10.Qxd3 e6 11.c4 Ngf6 12.Bd2 Be7 13.Ne4 O-O 14.O-O-O c5 15.Kb1 cxd4
16.Nxd4 Ne5 17.Nxf6+ Bxf6 18.Qe4 Nxc4 19.Bc3 Qb6  0-1